Normal view MARC view
  • Taha Khan, M

Entry Personal Name

Number of records used in: 2

001 - CONTROL NUMBER

  • control field: 9656

003 - CONTROL NUMBER IDENTIFIER

  • control field: NUST

005 - DATE AND TIME OF LATEST TRANSACTION

  • control field: 20180124095955.0

008 - FIXED-LENGTH DATA ELEMENTS

  • fixed length control field: 180124|| aca||aabn | a|a d

040 ## - CATALOGING SOURCE

  • Original cataloging agency: NUST
  • Transcribing agency: NUST

100 ## - HEADING--PERSONAL NAME

  • Personal name: Taha Khan, M

670 ## - SOURCE DATA FOUND

  • Source citation: Work cat.: (NUST)322024: Taha Khan, M, Qaseeda Burda Shareef, 2012
© 2023 Central Library, National University of Sciences and Technology. All Rights Reserved.